| 000 | 00520nam a2200181Ia 4500 | ||
|---|---|---|---|
| 008 | 131103s9999 xx 000 0 und d | ||
| 020 | _a812600391X | ||
| 040 | _aLoreto College | ||
| 041 | _aEnglish | ||
| 082 |
_a891.441/DAS-GHO _bLCLIB/BnSem/40418 |
||
| 245 |
_aEi samay o Jibananda _cedited by Sankha Ghosh |
||
| 260 |
_aCalcutta _bSahitya Academi _c1998 |
||
| 300 |
_a184p _c 22cm |
||
| 650 | _aDas, Jibananda | ||
| 651 | _aBengali Poetry - History and Criticism | ||
| 700 | _aGhosh, Sankha, ed. | ||
| 942 | _cBK | ||
| 999 |
_c20106 _d70585 |
||